Guess the Taylor Swift song (9) - Statistics

General Stats
  • This quiz has been taken 22 times
  • The average score is 188 of 320
Answer Stats
Answer % Correct
I
100%
the
100%
a
95%
you?
95%
you
95%
me
89%
do
84%
go
84%
in
84%
my
84%
We
84%
we
84%
your
84%
and
79%
love
79%
to
79%
were
79%
we're
79%
is
74%
it
74%
that
74%
you're
74%
You're
74%
can
68%
for
68%
not
68%
they
68%
this
68%
when
68%
get
63%
I'm
63%
it's
63%
with
63%
but
58%
can't
58%
could
58%
false
58%
just
58%
like
58%
so
58%
us
58%
all
53%
die
53%
god
53%
how
53%
I'd
53%
if
53%
said
53%
still
53%
City
47%
Even
47%
even
47%
good
47%
got
47%
know
47%
lips
47%
lip's
47%
might
47%
New
47%
still
47%
Still
47%
there
47%
worship
47%
York
47%
altar
42%
away
42%
babe
42%
crazy
42%
hips
42%
honey
42%
stupid
42%
talk
42%
think
42%
up
42%
hell
37%
jump
37%
out
37%
remember
37%
road
37%
say
37%
staring
37%
times
37%
touch
37%
We'd
37%
we'd
37%
window
37%
wine
37%
work
37%
blind
32%
Blind
32%
favorite
32%
fight
32%
make
32%
ocean
32%
patch
32%
Religion's
32%
thing
32%
town
32%
about
26%
confessions
26%
faith
26%
fly
26%
hard
26%
heaven's
26%
lost
26%
warned
26%
begging
21%
by
21%
forgiveness
21%
gets
21%
Village
21%
West
21%
leave
16%
led
16%
seperating
16%
try
16%
ah
11%
Daring
11%
remember
11%
scare
11%
No matching quizzes found
Score Distribution
Percent of People with Each Score
Percentile by Number Answered
Your Score History
You have not taken this quiz